000 00686nam a22001937a 4500
003 koha_MIRAKIL
005 20260416105937.0
008 260416b tur||||| |||| 00| 0 tur d
020 _a9789753484428
040 _aTR-IsEVY
_btur
_cTR-IsEVY
082 _a920 CAM/G
100 _aCamerini, Valentina
245 0 _aGreta'nın hikayesi :
_bbüyük şeyler yapmak için çok küçük değilsin : Greta Thunberg'in resmi olmayan biyografisi /
_cValentina Camerini.
260 _aİstanbul :
_bÇınar Yayınları,
_c2019.
300 _a143 s. :
_c21 cm.
600 1 4 _aGreta Thurnberg.
650 _aBiyografi.
_vÇocuk Hikayeleri.
_vİklim Değişikliği.
_vRol Model.
942 _2ddc
_cBK
999 _c23505
_d23505